Knihovníci sa pýtajú - redakcia odpovedá

Odpovede redakcie na dotazy knižničných pracovníkov o tlačivách, odbornej literatúre, kurzoch, špecializovaných časopisoch z oblasti knihovníctva, o ceste literatúry za čitateľmi na lazoch a o typových katalógoch

Bibliographic Details
Main Authors: Mayerhöfer, H. (Author), J. I. (Author)
Format: Article
Language:Slovak
Subjects:
Online Access:plný text

MARC

LEADER 00000nab a2200000 a 4500
001 vtls008768530
003 SK-MaSNL
005 20260304143501.0
008 250505 1954 xo p 000 0 slo
015 |a SNBRRBDKK190120XX 
035 |a (uuid)2f91c415-d479-4a97-8b74-da7e1b483ffb 
035 |a urn:nbn:sk:snk-abc08d 
035 |a (urnnbn)urn:nbn:sk:snk:ar-0035nb 
040 |a SNKBUCL  |b slo  |c SNKBUCL  |e AACR2 
041 0 |a slo 
044 |a xo  |c SK 
080 |a 02  |2 1997 
100 1 |a Mayerhöfer, H.  |4 aut  |9 1076024 
245 1 0 |a Knihovníci sa pýtajú - redakcia odpovedá  |c H. Mayerhöfer 
520 2 |a Odpovede redakcie na dotazy knižničných pracovníkov o tlačivách, odbornej literatúre, kurzoch, špecializovaných časopisoch z oblasti knihovníctva, o ceste literatúry za čitateľmi na lazoch a o typových katalógoch 
650 0 7 |a knihovníctvo  |2 SNKPH  |9 1557 
700 1 |a J. I.  |4 aut  |9 1144858 
773 0 |t Čitateľ : mesačník pre prácu s čitateľmi  |g Roč. 3, č. 3 (1954), s. 126-128 
850 |a Slovenská národná knižnica 
852 |a Slovenská národná knižnica 
856 4 1 |u http://www.viks.sk/dkk/citatel1954_126_128.doc  |y plný text 
910 |a bdkk 
954 |a odborná, vedecká literatúra pôvodná (slovenská)  |2 lita 
958 |a article15 
958 |a OND 
958 |a EUIPO 
999 |c 2925621  |d 2927551